000 00835nmc a2200337 a 4500
003 AR-BaBNM
005 20251128205027.0
008 116019s1987 ||||||||||||||000 | spa||
020 _a84-261-0204-2
040 _cAR-BaBNM
100 1 _aLudwig, Emil
245 1 0 _aLincoln
250 _a7ª ed.
260 _aBarcelona
_bJuventud
_c1987
300 0 _a389 p.
_bláms., mapas
490 0 _aGrandes biografías
650 4 _aBIOGRAFIAS
650 4 _aPRESIDENCIA
650 4 _aHISTORIA ECONOMICA
650 4 _aHISTORIA SOCIAL
650 4 _aGUERRA CIVIL
650 4 _aESCLAVITUD
650 4 _aHISTORIA MODERNA
650 4 _aHISTORIA NORTEAMERICANA
651 4 _aEstados Unidos
653 0 _aGUERRA DE SECESION
655 _aBIOGRAFIAS
700 1 _aFernández, José
_etraductor
942 _cBK
998 _cMARTIN
999 _c9705
_d9705